000 00915nam a2200217 i 4500
001 41821
003 ES-MaACL
005 20231229063008.0
007 t|
008 030311m19301931sp ||||1| spa d
100 1 _aCastán Tobeñas, José,
_d1889-1969
_936392
245 1 0 _aContestaciones Reus derecho civil español común y foral
_b: obra ajustada al programa para las oposiciones a notarías /
_cpor José Castán Tobeñas.
250 _a3ª ed. reform.
260 _aMadrid :
_bReus,
_c1930-31.
300 _a3 v. ;
_c23 cm.
490 1 _aBiblioteca de oposiciones
505 8 _aContiene: T. : V. I: Norma jurídica y sus problemas personas. Bienes de propiedad y sus modificaciones. V. II: Modos de adquirir la propiedad : donación, sucesiones. -- T. II: Obligaciones y contratos
830 0 _aBiblioteca de oposiciones
_9229806
852 _aES-MaACL
_jA-1254-56
_bR.11514
999 _c41821
_d41821